|
|
|
|
| LEADER |
00000cac a2200000 a 4500 |
| 001 |
12643 |
| 003 |
Ucuenca |
| 005 |
20230308154956.0 |
| 008 |
949011|1945 ag |||||r|||||||||||spa|| |
| 040 |
|
|
|b spa
|
| 041 |
0 |
|
|a spa
|
| 082 |
0 |
|
|a 465
|
| 100 |
1 |
|
|a Gracián, Tomás
|9 8573
|
| 245 |
|
|
|a Enciclopedia gramátical del idioma castellano
|c Tomás Gracian
|h imp
|
| 264 |
|
|
|a Buenos Aires
|b Claridad
|c 1945
|
| 300 |
|
|
|a 498 páginas:
|c 20.5 cm
|
| 504 |
|
|
|a incl. ref.
|
| 650 |
1 |
0 |
|a Gramática
|9 7307
|
| 852 |
|
|
|a UC-CDJBV
|f Compra
|l 1
|m General
|p 19490117
|q 20,00
|r 2
|t 12643
|y 30999
|b 0
|d CDRC
|e CDRC
|g 465 SEGUNDO PISO
|z 1949-90-11
|
| 942 |
|
|
|c BK
|
| 999 |
|
|
|c 3929
|d 3929
|